000 00645cam a22001934a 4500
005 20250605164346.0
008 250528s ||||||||||||||||||||||||d
035 _a23904
040 _aGR-AtMCL
_bgre
_dGR-AtMCL
_eAACR2
245 1 _aIs It not Beautiful? / Alex Forsythe and the Late Noel Sheehy Look to Understand Art Through Aesthetics and Fractals
260 _c2011
300 _a83
520 _aReports from the Annual Conference, How Rudeness Take Its Toll, The School of Hard Knocks.
700 1 _aSutton Jon
_99351
942 _cCR
710 2 _aThe British Psychological Society
_99823
999 _c8822
_d8822